01193nam a22002657a 4500001000400000003000800004005001700012008004100029020001800070040003100088041001300119082001500132100003000147240002500177245004400202260003700246300002100283520049100304650002400795650001300819650003000832650002200862655002700884655001600911520BR-RjBN20260520130904.0190101s2019 sp 000 f por d a9786550970437 bporaBR-IBIAcBR-IBIAerda1 aporheng a823bA933o1 aAusten, Jane,d1775-1817.10aPride and Prejudice.10aOrgulho e preconceitob /cJane Austen. aSão Paulo :bPrincipis,c2019. a288 p. ;c23 cm. aA obra acompanha a vida das cinco irmãs Bennet, integrantes de uma família da zona rural inglesa no século XVIII. Em uma sociedade patriarcal em que o casamento era essencial para garantir estabilidade e posição social às mulheres, a chegada de um jovem rico e solteiro à vizinhança provoca mudanças e expectativas na família. Com ironia e crítica social, Jane Austen explora temas como orgulho, preconceito, relações familiares, amor e convenções sociais. 0aLiteratura inglesa. 0aRomance. 0aRelacionamentos amorosos. 0aCrítica social. 0aFicção clássica. 0aFicção.